00559nam a22001817a 4500003000400000020001800004082002100022100001600043245004500059260004700104300001800151546001300169650007000182650004600252650002500298650002200323650003200345OSt a9788184873979 a658.005bANU/IN  aAnuj Kumar  aIndustrial management:ban introduction  aNew Delhi bNarosa publishing house c2016 axvii, 13.21p. aEnglish  aIntroduction to industrial engineering and industrial management  aProductivity and productivity measurement aIndustrial ownership aManagement tools  aManagement of supply chain